Elogio del gran público: una teoría crítica de la televisión

Uloženo v:
Podrobná bibliografie
Hlavní autor: Wolton, Dominique (Autor)
Médium: Kniha
Jazyk:španělština
Vydáno: Barcelona Gedisa 1995
Vydání:2a. ed
Edice:El Mamífero Parlante
Témata:
Tagy: Přidat tag
Žádné tagy, Buďte první, kdo vytvoří štítek k tomuto záznamu!

MARC

LEADER 00000nam a2200000 a 4500
001 UCK3628
003 CL-VaPUC
008 050506e19950000SP |||||||||||||||||spa|d
020 |a 847432436X 
082 0 4 |a 302.2345  |b WOL  |2 21 
100 0 |a Wolton, Dominique  |e author  |9 491787 
245 1 0 |a Elogio del gran público: una teoría crítica de la televisión 
250 |a 2a. ed 
300 |a 316 p 
942 |c BK 
945 |d 20050506 00:00:00  |a cmena 
260 |a Barcelona  |b Gedisa  |c 1995 
650 0 |a Televisión  |9 256845 
650 0 |a Medios de comunicación de masas  |9 257273 
650 0 |a Influencia social  |9 309315 
650 7 |a PARTICIPACION POLITICA  |2 CL-VaPUC  |9 491788 
650 0 |a Democracia  |9 255256 
650 0 |a Desarrollo cultural  |9 267526 
583 |a last modification  |c 20050506 00:00:00  |k Rodrigo Vera 
490 0 |a El Mamífero Parlante 
999 |c 312747  |d 312745 
952 |0 0  |1 0  |4 0  |6 302_234500000000000_WOL_1995  |7 0  |8 A  |9 383465  |a BIBCUR  |b BIBCUR  |d 2019-11-21  |i 4121228  |l 1  |o 302.2345 WOL 1995  |p 4121228  |r 2025-04-22  |s 2022-06-03  |w 2019-11-21  |y BK  |k MGC